[Event "TCh-RUS Women 2017"]
[Site "Sochi RUS"]
[Date "2017.05.08"]
[Round "7.3"]
[Board "4"]
[White "Khristenko, Anna"]
[Black "Chan, Naruna"]
[Result "1/2-1/2"]
[WhiteElo "1793"]
[BlackElo "2041"]
[WhiteTeam "University Belorechensk"]
[BlackTeam "Bukavushki Tolyatti"]
[WhiteFideId "24173886"]
[BlackFideId "24124290"]
[EventDate "2017.05.01"]

1. d4 d5 2. Nf3 Nf6 3. g3 e6 4. Bg2 Be7 5. O-O O-O 6. c4 c5 7. dxc5 Bxc5 8. Nc3
h6 9. Bf4 Nc6 10. cxd5 exd5 11. Ne5 Re8 12. Nxc6 bxc6 13. Na4 Bd6 14. Bxd6 Qxd6
15. Rc1 Ne4 16. Qc2 Bd7 17. Rfd1 Qe7 18. e3 Rec8 19. Nc5 Nxc5 20. Qxc5 Qxc5 21.
Rxc5 Rab8 22. b3 Be6 23. e4 dxe4 24. Bxe4 Rd8 25. Rxd8+ Rxd8 26. Rxc6 Bh3 27.
Rc1 Rd2 28. a4 a5 29. Bg2 Be6 30. Be4 Kf8 31. Bc2 Bh3 32. Be4 Ke7 33. Rb1 Kd6
34. Bg2 Bf5 35. Rc1 Bc2 36. Bf1 Bxb3 37. Bb5 Rd1+ 38. Rxd1+ Bxd1 39. Kf1 Kc5 40.
Ke1 Bb3 41. Kd2 Kb4 42. Be8 Bxa4 43. Bxf7 Bb3 44. Be8 a4 45. h4 a3 46. Kc1 Kc3
47. Kb1 Kd2 48. g4 Ke2 49. g5 hxg5 50. hxg5 Kxf2 51. g6 Ke3 52. Bf7 Bd1 53. Ka2
Kf4 54. Kxa3 Kg5 55. Kb2 Bh5 56. Kc3 Bxg6 57. Bd5 Kf4 58. Kd2 Be4 59. Be6 Kg3
60. Ke1 Bg2 61. Bf5 g5 62. Bd7 Kh2 63. Bg4 Bh3 64. Be2 Kg3 65. Bb5 Bg4 66. Kf1
Kh2 67. Kf2 Bh3 1/2-1/2

[Event "TCh-RUS Women 2017"]
[Site "Sochi RUS"]
[Date "2017.05.08"]
[Round "7.4"]
[Board "3"]
[White "Maltsevskaya, Aleksandra"]
[Black "Kovalevskaya, Ekaterina"]
[Result "1/2-1/2"]
[BlackTitle "IM"]
[WhiteElo "2199"]
[BlackElo "2416"]
[WhiteTeam "Donchanka Rostov region"]
[BlackTeam "Legacy Square Capital Moscow"]
[WhiteFideId "24174041"]
[BlackFideId "4116704"]
[EventDate "2017.05.01"]

1. e4 c5 2. Nf3 Nc6 3. Nc3 e5 4. Bc4 Be7 5. d3 d6 6. O-O Nf6 7. Ng5 O-O 8. f4
Bg4 9. Qe1 exf4 10. Bxf4 Nd4 11. Qf2 h6 12. Nf3 Nxf3+ 13. gxf3 Bh3 14. Kh1 Bxf1
15. Rxf1 Nh5 16. Bc1 Bf6 17. Nd5 a6 18. Qg2 b5 19. Nxf6+ Qxf6 20. Bd5 Nf4 21.
Bxf4 Qxf4 22. Rg1 Qf6 23. Bxa8 Rxa8 24. f4 Re8 25. c3 Kh7 26. h3 g6 27. Rf1 Qe7
28. e5 Qd7 29. d4 cxd4 30. cxd4 Qf5 31. Kh2 Rc8 32. Rf2 Rc4 33. Qd5 Rc2 34. Qg2
Rxf2 35. Qxf2 dxe5 36. dxe5 Qe4 37. b3 Kg7 38. Kg3 Qd3+ 39. Kh2 Qe4 40. Kg3 Qd3+
41. Kh2 1/2-1/2

[Event "TCh-RUS Women 2017"]
[Site "Sochi RUS"]
[Date "2017.05.08"]
[Round "7.4"]
[Board "4"]
[White "Pustovoitova, Daria"]
[Black "Travkina, Anastasia"]
[Result "1/2-1/2"]
[WhiteTitle "FM"]
[BlackTitle "WFM"]
[WhiteElo "2420"]
[BlackElo "2274"]
[WhiteTeam "Legacy Square Capital Moscow"]
[BlackTeam "Donchanka Rostov region"]
[WhiteFideId "4182146"]
[BlackFideId "24129151"]
[EventDate "2017.05.01"]

1. d4 d5 2. c4 c6 3. Nc3 Nf6 4. Nf3 e6 5. e3 Nbd7 6. Qc2 b6 7. Bd3 Bb7 8. b3 Be7
9. Bb2 dxc4 10. bxc4 c5 11. Qe2 O-O 12. O-O Qb8 13. Rad1 cxd4 14. exd4 Bd6 15.
h3 Re8 16. Rfe1 e5 17. d5 Nc5 18. Bb1 a6 19. Ng5 g6 20. g4 Qd8 21. Qf3 h6 22.
Nge4 Ncxe4 23. Nxe4 Nxe4 24. Rxe4 Rc8 25. Qb3 Qh4 26. Rd2 Qd8 27. Rde2 b5 28.
cxb5 Rc5 29. Rd2 Rxb5 30. Qa4 Qb6 31. Bd3 Bxd5 32. Ree2 Bf3 33. Re3 Bb4 34. Rc2
Bd1 35. Bxb5 Bxc2 36. Qxb4 Qxb5 37. Qxb5 axb5 38. Rxe5 Rxe5 39. Bxe5 Bb1 40. a3
Bd3 1/2-1/2

[Event "TCh-RUS Women 2017"]
[Site "Sochi RUS"]
[Date "2017.05.09"]
[Round "8.1"]
[Board "1"]
[White "Goltseva, Ekaterina"]
[Black "Gritsayeva, Oksana"]
[Result "1-0"]
[WhiteTitle "WFM"]
[BlackTitle "WFM"]
[WhiteElo "2205"]
[BlackElo "2396"]
[WhiteTeam "University Belorechensk"]
[BlackTeam "Donchanka Rostov region"]
[WhiteFideId "24173770"]
[BlackFideId "14104652"]
[EventDate "2017.05.01"]

1. d4 Nf6 2. c4 e6 3. Nc3 Bb4 4. Qc2 d5 5. cxd5 exd5 6. Bg5 h6 7. Bxf6 Qxf6 8.
e3 c6 9. a3 Bxc3+ 10. Qxc3 O-O 11. Nf3 Re8 12. Bd3 Bf5 13. O-O Nd7 14. Nd2 Bxd3
15. Qxd3 Qh4 16. Rae1 Rad8 17. Qb3 Rb8 18. f3 Qg5 19. Qc3 Rbc8 20. e4 c5 21. f4
Qf6 22. e5 Qb6 23. Qb3 Qxb3 24. Nxb3 c4 25. Nd2 c3 26. bxc3 Rxc3 27. Rb1 b6 28.
Rb5 Rd3 29. Nf3 Rc8 30. Rxd5 Nf8 31. f5 Rxa3 32. Rd6 b5 33. Rb1 Ra2 34. h3 Rcc2
35. Ne1 Re2 36. Rd8 Rad2 37. Rc1 Rxe5 38. Nf3 1-0

[Event "TCh-RUS Women 2017"]
[Site "Sochi RUS"]
[Date "2017.05.09"]
[Round "8.1"]
[Board "2"]
[White "Ubiennykh, Ekaterina"]
[Black "Baraeva, Marina"]
[Result "1-0"]
[WhiteTitle "WIM"]
[BlackTitle "WIM"]
[WhiteElo "2307"]
[BlackElo "2169"]
[WhiteTeam "Donchanka Rostov region"]
[BlackTeam "University Belorechensk"]
[WhiteFideId "4137582"]
[BlackFideId "24142573"]
[EventDate "2017.05.01"]

1. d4 d5 2. c4 c6 3. Nc3 Nf6 4. Nf3 e6 5. e3 Nbd7 6. Bd3 Bd6 7. e4 dxe4 8. Nxe4
Nxe4 9. Bxe4 Nf6 10. Bc2 Qa5+ 11. Bd2 Bb4 12. a3 Bxd2+ 13. Qxd2 Qxd2+ 14. Kxd2
b6 15. Rhe1 Bb7 16. Ne5 Ke7 17. f4 Rhd8 18. Kc3 c5 19. d5 Kf8 20. dxe6 fxe6 21.
Re2 Rd4 22. Rae1 Rad8 23. g4 Kg8 24. f5 exf5 25. Bxf5 g6 26. Bc2 Nd7 27. Nxd7
R8xd7 28. Re8+ Kg7 29. g5 Rf7 30. b4 Rg4 31. bxc5 Rxg5 32. cxb6 axb6 33. Rb1
Rf3+ 34. Kb4 Bc6 35. Re7+ Kh6 36. Re6 Rc5 37. Rb3 Rf4 38. Rh3+ Kg7 39. Bd3 Kf7
40. Rhe3 Rb5+ 41. Kc3 Rc5 42. Re7+ Kf6 43. R3e6+ Kg5 44. Rxh7 Kg4 45. Rxg6+ Kf3
46. Rg3+ Kf2 47. Re7 Bf3 48. a4 Ra5 49. Bc2 Be2 50. Rc7 Rh5 51. Rg6 Rhh4 52. Bb3
Rf3+ 53. Kb4 Rxh2 54. Rxb6 Rhh3 55. Ka3 Bd1 56. Rcb7 Rh4 57. Ka2 Bxb3+ 58. Rxb3
Rxc4 59. Rxf3+ Kxf3 60. Kb3 Re4 61. a5 Re1 62. Rf7+ Kg4 63. Kb4 Ra1 64. Kb5 Kg5
65. Kb6 Kg6 66. Rf2 Rb1+ 67. Ka7 Rb3 68. a6 Kg7 69. Ka8 Rb1 70. a7 Rb3 71. Rc2
Kf7 72. Rc8 Ke6 73. Rb8 Ra3 74. Kb7 Rb3+ 75. Kc6 1-0

[Event "TCh-RUS Women 2017"]
[Site "Sochi RUS"]
[Date "2017.05.09"]
[Round "8.1"]
[Board "3"]
[White "Beshukova, Alina"]
[Black "Tomilova, Elena"]
[Result "0-1"]
[BlackTitle "WIM"]
[WhiteElo "1997"]
[BlackElo "2300"]
[WhiteTeam "University Belorechensk"]
[BlackTeam "Donchanka Rostov region"]
[WhiteFideId "24164828"]
[BlackFideId "4162340"]
[EventDate "2017.05.01"]

1. d4 d5 2. Nf3 Nf6 3. e3 Bg4 4. h3 Bh5 5. g4 Bg6 6. Ne5 Nfd7 7. Nxg6 hxg6 8. c4
dxc4 9. Bxc4 Nb6 10. Be2 e6 11. Bf3 c6 12. Nc3 N8d7 13. Bg2 Bd6 14. Ne4 Be7 15.
Qe2 Nd5 16. Bd2 Qb6 17. O-O g5 18. Bc3 a5 19. Nd2 N7f6 20. f4 gxf4 21. exf4 Qc7
22. Qf3 g6 23. Ne4 Nxe4 24. Qxe4 O-O-O 25. Qe1 Nxf4 26. Bxa5 b6 27. Bxb6 Nxh3+
28. Bxh3 Qxb6 29. Bg2 Qxd4+ 30. Rf2 Bh4 31. Rc1 Bxf2+ 32. Qxf2 Qxf2+ 33. Kxf2
Rd2+ 34. Kg3 Rxb2 35. Rxc6+ Kd7 36. Ra6 Rc8 37. Bh1 g5 38. Ra5 f6 39. Ra3 Rc1
40. Be4 Kd6 41. Kf3 Rf1+ 42. Ke3 Rb6 43. Rd3+ Ke7 44. Bg2 Re1+ 45. Kf2 Ra1 46.
Re3 Rxa2+ 47. Kg3 Rab2 48. Bd5 Kd7 49. Bc4 R2b4 50. Ba2 f5 51. gxf5 exf5 52. Re5
Ra6 53. Bd5 Ra3+ 54. Kh2 Rb2+ 55. Bg2 Raa2 0-1

[Event "TCh-RUS Women 2017"]
[Site "Sochi RUS"]
[Date "2017.05.09"]
[Round "8.1"]
[Board "4"]
[White "Maltsevskaya, Aleksandra"]
[Black "Khristenko, Anna"]
[Result "0-1"]
[WhiteElo "2199"]
[BlackElo "1793"]
[WhiteTeam "Donchanka Rostov region"]
[BlackTeam "University Belorechensk"]
[WhiteFideId "24174041"]
[BlackFideId "24173886"]
[EventDate "2017.05.01"]

1. d4 Nf6 2. c4 c5 3. d5 b5 4. cxb5 a6 5. bxa6 g6 6. Nc3 Bg7 7. g3 Nxa6 8. Bg2
d6 9. Nf3 O-O 10. O-O Rb8 11. Nd2 Bd7 12. e4 Ng4 13. Qe2 Qb6 14. Nc4 Qa7 15. f4
Bd4+ 16. Kh1 Nb4 17. h3 Nf6 18. a3 Qa6 19. Bd2 Nc2 20. Rac1 Nh5 21. Kh2 Bxc3 22.
Bxc3 Nd4 23. Bxd4 cxd4 24. g4 Ng7 25. Qd2 Bb5 26. Qxd4 Rfc8 27. b3 Bxc4 28. Rxc4
Qxa3 29. Rxc8+ Rxc8 30. b4 Rb8 31. Ra1 Qb3 32. Qa7 Qxb4 33. Qxe7 Re8 34. Qf6 Qb6
35. Rc1 h5 36. e5 h4 37. exd6 Rf8 38. Re1 Qf2 39. Rf1 Qg3+ 40. Kh1 Ne8 41. Qe7
Qa3 42. Qxh4 Qxd6 43. f5 gxf5 44. gxf5 f6 45. Qg4+ Ng7 46. Re1 Kh8 47. Rg1 Rf7
48. Ra1 Kg8 49. h4 Qe5 50. Rf1 Kh8 51. Qf3 Ne8 52. Qf2 Ng7 53. Re1 Qd6 54. Qf3
Re7 55. Rf1 Kg8 56. Qg4 Kh8 57. h5 Nxh5 58. Ra1 Ng3+ 59. Kg1 Qc5+ 60. Kh2 Rh7+
61. Kxg3 Rg7 62. Ra4 Qe3+ 63. Kh2 Rxg4 64. Rxg4 Qe5+ 65. Kh3 Qxf5 66. Be4 Qf1+
67. Bg2 Qd3+ 68. Rg3 Qh7+ 69. Kg4 Qg6+ 70. Kf4 Qe8 71. Bf3 Qe5+ 72. Kg4 Kg7 73.
Kh3+ Kf8 74. Rg4 f5 75. Rh4 Kg7 76. Rc4 Qe3 77. Kg2 Qd2+ 78. Kg3 Kf6 79. Rh4
Qe1+ 80. Kh3 Kg5 81. Rh8 Kf4 82. Rg8 Kxf3 83. Kh2 Qd2+ 84. Kh3 Qh6# 0-1

[Event "TCh-RUS Women 2017"]
[Site "Sochi RUS"]
[Date "2017.05.09"]
[Round "8.2"]
[Board "1"]
[White "Ambartsumova, Karina"]
[Black "Sazonova, Anastasia"]
[Result "1-0"]
[WhiteTitle "WGM"]
[BlackTitle "WFM"]
[WhiteElo "2324"]
[BlackElo "2191"]
[WhiteTeam "Rook Republic of Tatarstan"]
[BlackTeam "Bukavushki Tolyatti"]
[WhiteFideId "4166299"]
[BlackFideId "24131008"]
[EventDate "2017.05.01"]

1. e4 e6 2. d4 d5 3. Nc3 Nf6 4. e5 Nfd7 5. f4 c5 6. Nf3 Nc6 7. Be3 cxd4 8. Nxd4
Bc5 9. Qd2 Nxd4 10. Bxd4 Bxd4 11. Qxd4 Qb6 12. Qxb6 Nxb6 13. Nb5 Ke7 14. Nd4 Bd7
15. b3 a6 16. Kd2 Nc8 17. a4 Na7 18. Bd3 Nc6 19. Ke3 Nxd4 20. Kxd4 g6 21. h4 h5
22. Rhb1 Rhc8 23. b4 b6 24. a5 b5 25. Ra3 Rc7 26. Rbb3 Rac8 27. Rc3 Be8 28.
Rxc7+ Rxc7 29. Rc3 Rxc3 30. Kxc3 Kd7 31. Kd4 Kc6 32. Be2 f5 33. exf6 Kd6 34. Bd3
Bf7 35. g3 Be8 36. c3 Bf7 37. Bxb5 axb5 38. a6 Be8 39. f7 1-0

[Event "TCh-RUS Women 2017"]
[Site "Sochi RUS"]
[Date "2017.05.09"]
[Round "8.2"]
[Board "2"]
[White "Trapeznikova, Darya"]
[Black "Nebolsina, Vera"]
[Result "0-1"]
[WhiteTitle "WFM"]
[BlackTitle "WGM"]
[WhiteElo "2112"]
[BlackElo "2284"]
[WhiteTeam "Bukavushki Tolyatti"]
[BlackTeam "Rook Republic of Tatarstan"]
[WhiteFideId "24121118"]
[BlackFideId "4163591"]
[EventDate "2017.05.01"]

1. d4 Nf6 2. Nf3 g6 3. Bf4 Bg7 4. e3 d6 5. c4 Nh5 6. Bg5 h6 7. Bh4 g5 8. Nfd2
Nf6 9. Bg3 c5 10. dxc5 dxc5 11. Nc3 Bf5 12. Be2 Nc6 13. O-O O-O 14. Bf3 Bd3 15.
Bxc6 bxc6 16. Re1 Bg6 17. Nb3 Nd7 18. Qf3 Qc8 19. Na5 Nb8 20. Bxb8 Rxb8 21. Nxc6
Rb7 22. Nd5 Re8 23. Ncxe7+ Rexe7 24. Nxe7+ Rxe7 25. Rad1 Be4 26. Qe2 g4 27. Rd2
Qf5 28. Red1 Be5 29. Rd8+ Kh7 30. R1d2 Bc7 31. Qd1 Bxd8 32. Rxd8 h5 33. b3 Bc6
34. Qa1 f6 35. Rd6 Qe4 36. Qf1 f5 37. Rd8 h4 0-1

[Event "TCh-RUS Women 2017"]
[Site "Sochi RUS"]
[Date "2017.05.09"]
[Round "8.2"]
[Board "3"]
[White "Belova, Olga"]
[Black "Azimova, Karina"]
[Result "1-0"]
[WhiteTitle "WFM"]
[WhiteElo "2050"]
[BlackElo "2059"]
[WhiteTeam "Rook Republic of Tatarstan"]
[BlackTeam "Bukavushki Tolyatti"]
[WhiteFideId "4138422"]
[BlackFideId "4108310"]
[EventDate "2017.05.01"]

1. e4 Nf6 2. e5 Nd5 3. d4 d6 4. Nf3 Nc6 5. c4 Nb6 6. e6 fxe6 7. Nc3 g6 8. h4 Bg7
9. Be3 Qd7 10. h5 Kd8 11. Ng5 Qe8 12. c5 Nd5 13. Qf3 Rf8 14. Qe4 Nf6 15. Nxe6+
Bxe6 16. Qxe6 Nxh5 17. O-O-O Qf7 18. Qe4 Nf6 19. Qc2 d5 20. Qb3 Kc8 21. g3 e6
22. Bh3 Nd7 23. Rhe1 Re8 24. Qa4 a5 25. Bf4 Re7 26. Nb5 Nf8 27. Bd6 Ra6 28. Bxe7
Nxe7 29. Nc3 Nf5 30. Bxf5 gxf5 31. Nxd5 Kb8 32. Nc3 Nd7 33. Qc4 Qg6 34. Qd3 e5
35. dxe5 Nxc5 36. Qd8+ Ka7 37. Nb5+ Kb6 38. Rd6+ Qxd6 39. Nxd6 Nd3+ 40. Kd2 Nxe1
41. Kxe1 Kc6 42. Qe8+ Kd5 43. Nxb7 Re6 44. Qd7+ 1-0

[Event "TCh-RUS Women 2017"]
[Site "Sochi RUS"]
[Date "2017.05.09"]
[Round "8.2"]
[Board "4"]
[White "Chan, Naruna"]
[Black "Shafigullina, Zarina"]
[Result "1-0"]
[WhiteElo "2041"]
[BlackElo "2028"]
[WhiteTeam "Bukavushki Tolyatti"]
[BlackTeam "Rook Republic of Tatarstan"]
[WhiteFideId "24124290"]
[BlackFideId "24174220"]
[EventDate "2017.05.01"]

1. e4 c5 2. c3 d5 3. exd5 Qxd5 4. d4 g6 5. Nf3 Bg7 6. Na3 cxd4 7. Bc4 Qe4+ 8.
Be3 Nh6 9. cxd4 Bg4 10. O-O O-O 11. Ng5 Bxd1 12. Nxe4 Bg4 13. h3 Bf5 14. Ng5 Nc6
15. g4 Bd7 16. Rfd1 Na5 17. Bf1 f6 18. Nf3 Nc6 19. d5 Nd8 20. Rac1 e5 21. Rc7
Be8 22. Nb5 e4 23. Nd2 a6 24. Nd6 f5 25. N2c4 f4 26. Nxe8 fxe3 27. Nxg7 exf2+
28. Kg2 b5 29. Ne3 Rf3 30. Nc2 Nhf7 31. Ne6 Nxe6 32. dxe6 Ng5 33. e7 Ne6 34. Rc3
Rf7 35. Rd2 Nf4+ 36. Kg3 Nd3 37. Nd4 h5 38. Bxd3 h4+ 39. Kg2 exd3 40. Rxf2 Rxe7
41. Rxd3 Rd8 42. Nc6 Rxd3 43. Nxe7+ Kg7 44. Nc6 Rd6 45. Ne5 Rd5 46. Nf3 g5 47.
b4 Rd3 48. Nxg5 a5 49. Nf3 axb4 50. Rb2 Ra3 51. Nxh4 Kf6 52. Rxb4 Rxa2+ 53. Kg3
Ra3+ 54. Nf3 Ra5 55. Nd4 Ra3+ 56. Kh4 Ra4 57. Rxa4 bxa4 58. Nc2 1-0

[Event "TCh-RUS Women 2017"]
[Site "Sochi RUS"]
[Date "2017.05.09"]
[Round "8.3"]
[Board "2"]
[White "Belenkaya, Dina"]
[Black "Pogonina, Natalija"]
[Result "1-0"]
[WhiteTitle "WGM"]
[BlackTitle "WGM"]
[WhiteElo "2290"]
[BlackElo "2479"]
[WhiteTeam "SDYUSSHOR SHSH St Petersburg"]
[BlackTeam "Yugra Khanty-Yugra"]
[WhiteFideId "24142654"]
[BlackFideId "4147855"]
[EventDate "2017.05.01"]

1. e4 e5 2. Nf3 Nc6 3. Nc3 Nf6 4. d4 exd4 5. Nxd4 Bb4 6. Nxc6 bxc6 7. Bd3 O-O 8.
O-O d5 9. exd5 cxd5 10. h3 c6 11. Qf3 Re8 12. Bf4 Be6 13. Rad1 Bd6 14. b3 Qb8
15. Bxd6 Qxd6 16. Na4 h6 17. c4 Qa3 18. c5 Qxa2 19. Ra1 Qd2 20. Nc3 Kf8 21. Rfc1
Nd7 22. b4 Ne5 23. Qe2 Qf4 24. Ba6 Bf5 25. Qh5 Bg6 26. Qd1 Qxb4 27. Ne2 Qh4 28.
f4 Nc4 29. Bxc4 dxc4 30. Rxc4 Qe7 31. Nd4 Qe3+ 32. Kh1 Be4 33. Qg4 Qd3 34. Rca4
Rab8 35. Rd1 Rb1 36. Rxb1 Qxb1+ 37. Kh2 Qb8 38. Nf5 Bxf5 39. Qxf5 Re6 40. Qh7
Qc7 41. Qh8+ Ke7 42. Qxg7 a5 43. Qc3 Re2 44. Qd3 Re6 45. Qd2 Rf6 46. g3 Re6 47.
Rxa5 Qb8 48. h4 Kf6 49. Ra2 Qb5 50. Qd4+ Kf5 51. g4+ Kxg4 52. f5+ Kxf5 53. Rf2+
Kg6 54. Qg4+ 1-0

[Event "TCh-RUS Women 2017"]
[Site "Sochi RUS"]
[Date "2017.05.09"]
[Round "8.3"]
[Board "3"]
[White "Girya, Olga"]
[Black "Styazhkina, Anna"]
[Result "1/2-1/2"]
[WhiteTitle "WGM"]
[BlackTitle "WIM"]
[WhiteElo "2476"]
[BlackElo "2250"]
[WhiteTeam "Yugra Khanty-Yugra"]
[BlackTeam "SDYUSSHOR SHSH St Petersburg"]
[WhiteFideId "4195752"]
[BlackFideId "24119300"]
[EventDate "2017.05.01"]

1. d4 d5 2. c4 c6 3. Nf3 Nf6 4. Nc3 dxc4 5. a4 Bf5 6. e3 e6 7. Bxc4 Bb4 8. O-O
O-O 9. Qb3 Qe7 10. Nh4 Bg6 11. Nxg6 hxg6 12. Na2 Ba5 13. Qc2 Rd8 14. Rb1 Nd5 15.
e4 Nb4 16. Nxb4 Bxb4 17. Be3 Nd7 18. Rfd1 Rac8 19. Qb3 a5 20. Rbc1 c5 21. d5
exd5 22. exd5 Ne5 23. Bf4 Nxc4 24. Qxc4 Rd7 25. Rd3 Qf6 26. b3 g5 27. Bg3 Qf5
28. h3 Re8 29. Rcd1 Re2 30. d6 Qe6 31. Rd5 Re4 32. Qd3 f5 33. f3 Rd4 34. Rxd4
cxd4 35. Qxd4 f4 36. Bf2 Rxd6 37. Qa1 Qxb3 38. Rxd6 Bxd6 39. Qd4 Qe6 40. Qb6 Qd5
41. Qd8+ Kh7 42. Kh2 Kg6 43. Bb6 Qe6 44. Bxa5 Bc5 45. Qd3+ Kh6 46. Bd2 Bf2 47.
Qf1 Bg3+ 48. Kh1 Qa2 49. Qd1 Qd5 50. Qc1 Qd4 51. a5 Bf2 52. Bc3 Qc5 53. Qa1 Qe7
54. a6 bxa6 55. Qxa6+ Kh7 1/2-1/2

[Event "TCh-RUS Women 2017"]
[Site "Sochi RUS"]
[Date "2017.05.09"]
[Round "8.3"]
[Board "4"]
[White "Chernyak, Viktoria"]
[Black "Nechaeva, Marina"]
[Result "0-1"]
[WhiteTitle "WFM"]
[BlackTitle "IM"]
[WhiteElo "2254"]
[BlackElo "2409"]
[WhiteTeam "SDYUSSHOR SHSH St Petersburg"]
[BlackTeam "Yugra Khanty-Yugra"]
[WhiteFideId "24165956"]
[BlackFideId "4149351"]
[EventDate "2017.05.01"]

1. Nf3 d5 2. d4 Nf6 3. c4 c6 4. Nc3 e6 5. Bg5 Nbd7 6. cxd5 exd5 7. e3 Be7 8. Qc2
Nh5 9. Bxe7 Qxe7 10. Rb1 g6 11. Be2 O-O 12. O-O Ng7 13. Rfe1 Nf6 14. Bd3 Bf5 15.
b4 a6 16. Ne5 Bxd3 17. Qxd3 Nf5 18. a3 Rad8 19. Rbc1 Nh4 20. Rc2 Nh5 21. Ne2
Rde8 22. Rb1 f6 23. Ng4 Ng7 24. h3 Ngf5 25. a4 Nd6 26. Nc3 b5 27. Re2 Nhf5 28.
axb5 axb5 29. Rbe1 Kg7 30. g3 Qd7 31. Kg2 Nc4 32. f4 Ra8 33. Nf2 Ra3 34. g4 Nfd6
35. Ra2 Rxa2 36. Nxa2 Ra8 37. Nc3 Ra3 38. Qc2 Qe7 39. Kf3 Rb3 40. Re2 Rb2 41.
Qc1 Rxb4 42. h4 Rb3 43. h5 b4 44. Ncd1 Nb5 45. Ra2 Nxd4+ 46. Kg2 Nxe3+ 47. Nxe3
Rxe3 48. Ra8 Re2 49. h6+ Kxh6 50. Rg8 Rxf2+ 51. Kxf2 Qe2+ 52. Kg3 Qf3+ 53. Kh4
Qf2+ 54. Kh3 Ne2 0-1

[Event "TCh-RUS Women 2017"]
[Site "Sochi RUS"]
[Date "2017.05.09"]
[Round "8.4"]
[Board "1"]
[White "Filippova, Darya"]
[Black "Gutkovich, Polina"]
[Result "1-0"]
[WhiteTitle "WFM"]
[WhiteElo "2015"]
[BlackElo "1961"]
[WhiteTeam "Yuzhnyy Ural Chelyabinsk region"]
[BlackTeam "Zhiguli Samara region"]
[WhiteFideId "24173738"]
[BlackFideId "34111597"]
[EventDate "2017.05.01"]

1. d4 d5 2. c4 e6 3. Nf3 Nf6 4. e3 c5 5. Nc3 Nc6 6. cxd5 exd5 7. Be2 Be7 8. O-O
O-O 9. dxc5 Bxc5 10. b3 Be6 11. Nb5 Rc8 12. Bb2 Ne4 13. Rc1 Qb6 14. Nbd4 a5 15.
Bd3 Bg4 16. Be2 a4 17. Nxc6 bxc6 18. Ne5 Bxe2 19. Qxe2 Rc7 20. Nd3 Bd6 21. bxa4
Qa6 22. h4 Qxa4 23. h5 f5 24. h6 Nf6 25. f4 Qe4 26. Ne5 c5 27. Rf3 d4 28. Nc4
Rd8 29. hxg7 Ng4 30. Nxd6 Rxd6 31. Qc4+ Re6 32. Bxd4 cxd4 33. Qxc7 dxe3 34. Qd7
Re7 35. Rc8+ Kxg7 36. Qd8 Qe6 37. Qh8+ Kf7 38. Rf8+ Kg6 39. Rg8+ Qxg8 40. Qxg8+
Kf6 41. Qg5+ Kf7 42. Qxf5+ Nf6 43. Kf1 h5 44. Ke2 Kg7 45. Rxe3 1-0

[Event "TCh-RUS Women 2017"]
[Site "Sochi RUS"]
[Date "2017.05.09"]
[Round "8.4"]
[Board "2"]
[White "Pogorelskikh, Sofia"]
[Black "Mukhina, Jana"]
[Result "1/2-1/2"]
[BlackTitle "WFM"]
[WhiteElo "1964"]
[BlackElo "2004"]
[WhiteTeam "Zhiguli Samara region"]
[BlackTeam "Yuzhnyy Ural Chelyabinsk region"]
[WhiteFideId "44164548"]
[BlackFideId "34115428"]
[EventDate "2017.05.01"]

1. e4 e5 2. Nf3 Nf6 3. Nxe5 d6 4. Nf3 Nxe4 5. Nc3 Nxc3 6. dxc3 Be7 7. Be3 O-O 8.
Qd2 Be6 9. Ng5 Bxg5 10. Bxg5 Qe8 11. Be3 Nd7 12. Bd3 f5 13. O-O Qf7 14. f3 Ne5
15. b3 Rae8 16. c4 Nxd3 17. cxd3 f4 18. Bd4 Qg6 19. Rae1 Bf5 20. Rxe8 Rxe8 21.
Re1 Rxe1+ 22. Qxe1 c5 23. Bc3 Bxd3 24. Qe7 h5 25. Qxb7 h4 26. h3 Bf5 27. Qd5+
Kh7 28. Kh1 Bb1 29. Qd2 Qd3 30. Qxd3+ Bxd3 31. Ba5 Bb1 32. a3 Ba2 33. Bc7 Bxb3
34. Bxd6 Bxc4 35. Bxc5 a6 36. Be7 Kg6 37. Bxh4 Kf5 38. Be7 g5 39. Kg1 Bb5 40.
Kf2 Bc4 1/2-1/2

[Event "TCh-RUS Women 2017"]
[Site "Sochi RUS"]
[Date "2017.05.09"]
[Round "8.4"]
[Board "3"]
[White "Simakova, Elena"]
[Black "Makarova, Darya"]
[Result "0-1"]
[WhiteElo "1930"]
[BlackElo "1827"]
[WhiteTeam "Yuzhnyy Ural Chelyabinsk region"]
[BlackTeam "Zhiguli Samara region"]
[WhiteFideId "34142166"]
[BlackFideId "24179078"]
[EventDate "2017.05.01"]

1. e4 e5 2. Nf3 Nc6 3. Bb5 a6 4. Ba4 Nf6 5. d4 b5 6. Bb3 Bd6 7. dxe5 Bxe5 8.
Nxe5 Nxe5 9. f4 Nc6 10. e5 Qe7 11. O-O Ne4 12. Be3 Bb7 13. Bd5 Nc5 14. Nc3 O-O-O
15. Bxf7 Qxf7 16. Bxc5 g5 17. Nd5 gxf4 18. Nxc7 Nxe5 19. Bd6 Qg6 20. Rf2 Ng4 21.
Nxb5 axb5 22. Re2 Rde8 23. Bxf4 Rxe2 24. Qxe2 Qb6+ 25. Kf1 Rf8 26. g3 Ne3+ 27.
Kf2 Nxc2+ 0-1

[Event "TCh-RUS Women 2017"]
[Site "Sochi RUS"]
[Date "2017.05.09"]
[Round "8.4"]
[Board "4"]
[White "Kalashnikova, Elena"]
[Black "Turebayeva, Alfiya"]
[Result "1/2-1/2"]
[BlackTitle "WIM"]
[WhiteElo "1720"]
[BlackElo "2079"]
[WhiteTeam "Zhiguli Samara region"]
[BlackTeam "Yuzhnyy Ural Chelyabinsk region"]
[WhiteFideId "24133418"]
[BlackFideId "13700286"]
[EventDate "2017.05.01"]

1. e4 c5 2. Nf3 Nc6 3. Bb5 g6 4. Bxc6 dxc6 5. d3 Bg7 6. Nbd2 Nf6 7. O-O O-O 8.
Re1 Ne8 9. e5 Nc7 10. h3 Ne6 11. Nb3 b6 12. Be3 Ba6 13. Nbd2 Qc7 14. d4 cxd4 15.
Nxd4 Nxd4 16. Bxd4 Rad8 17. c3 c5 18. Be3 Bxe5 19. Bg5 Rfe8 20. Qa4 Bd3 21. Nf3
Bg7 22. Rad1 b5 23. Qf4 Qxf4 24. Bxf4 c4 25. Ne5 Bxe5 26. Rxe5 a6 27. Rde1 e6
28. Rc5 Rd7 29. Rc6 a5 30. Ra6 a4 31. Rb6 Rd5 32. Re5 f6 33. Rxd5 exd5 34. Be3
Re7 35. Rxb5 Rd7 36. Rb6 Kf7 37. Bd4 f5 38. Rf6+ Ke7 39. Ra6 Bc2 40. Bc5+ Kf7
41. Rd6 Rb7 42. Rb6 Rc7 43. Bb4 Rd7 44. Bc5 Rc7 45. Bb4 Rd7 46. Bc5 Bd3 47. Ra6
Bc2 48. Ra7 Rxa7 49. Bxa7 Ke6 50. Bd4 g5 51. f3 f4 52. Kf2 Kf5 53. Bg7 h5 54.
Bd4 g4 55. fxg4+ hxg4 56. hxg4+ Kxg4 57. Bc5 Bg6 58. Bd6 Bh5 59. Bb8 Kf5 60. a3
Ke4 61. Bd6 Bg4 62. Bc7 f3 63. gxf3+ Bxf3 64. Bb6 Bh5 65. Ba7 Kd3 66. Bc5 Bg4
67. Kg3 Bh5 68. Kf4 Kc2 69. Ke3 Kxb2 70. Bb4 Kc2 71. Kd4 Bf3 72. Bd6 Kd2 73. Bb4
Bg2 74. Be7 Bf3 75. Bb4 Kc2 76. Be7 Kd2 1/2-1/2